Демидовы - ученые, инженеры, организаторы науки и производства: Опыт науковедческой просопографии
| Auteur principal: | |
|---|---|
| Autres auteurs: | , |
| Langue: | russe |
| Publié: |
Москва, Наука, 2001
|
| Collection: | Научно-биографическая литература |
| Sujets: |
Демидов
> Н. Н.
> не позднее 1696 - 1758
> Никита Никитич
> дворянин
> тульский оружейник
> мануфактурист
Демидов
> П. Г.
> 1738-1821
> Павел Григорьевич
> российский дворянин
> учёный-естествоиспытатель
> металлург
> основатель Демидовского лицея в Ярославле
|
| Format: | Livre |
| KOHA link: | https://koha.lib.tpu.ru/cgi-bin/koha/opac-detail.pl?biblionumber=40470 |
MARC
| LEADER | 00000nam0a2200000 4500 | ||
|---|---|---|---|
| 001 | 40470 | ||
| 005 | 20260302113928.0 | ||
| 010 | |a 5020130583 | ||
| 035 | |a (RuTPU)RU\TPU\book\41525 | ||
| 090 | |a 40470 | ||
| 100 | |a 20020517d2001 m y0rusy50 ca | ||
| 101 | 0 | |a rus | |
| 102 | |a RU | ||
| 105 | |a a z 001zс | ||
| 200 | 1 | |a Демидовы - ученые, инженеры, организаторы науки и производства |e Опыт науковедческой просопографии |f И. Н. Юркин |g Отв. ред. С. С. Илизаров, Н. К. Ламан | |
| 210 | |a Москва |c Наука |d 2001 | ||
| 215 | |a 333 с. |c ил. | ||
| 225 | 1 | |a Научно-биографическая литература | |
| 320 | |a Библиогр.: с. 290-304. | ||
| 320 | |a Имен. указ.: с. 306-320. | ||
| 320 | |a Геогр. указ.: с. 321-327. | ||
| 320 | |a Указ. организ., учреждений, пром. предприятий: с. 328-332. | ||
| 600 | 1 | |a Демидов |b А. Н. |f 1678-1745 |g Акинфий Никитич |c российский промышленник |c горнозаводчик |c дворянин |2 stltpush |3 (RuTPU)RU\TPU\pers\4488 | |
| 600 | 1 | |a Демидов |b А. Н. |f 1813-1870 |g Анатолий Николаевич |c русский дворянин |2 stltpush |3 (RuTPU)RU\TPU\pers\4499 | |
| 600 | 1 | |a Демидов |b Г. А. |f 1715-1761 |g Григорий Акинфиевич |c русский дворянин |2 stltpush |3 (RuTPU)RU\TPU\pers\4496 | |
| 600 | 1 | |a Демидов |b Н. А. |g Никита Акинфиевич |f 1724-1787 |c российский промышленник |c дворянин |2 stltpush |3 (RuTPU)RU\TPU\pers\2985 | |
| 600 | 1 | |a Демидов |b Н. Н. |f не позднее 1696 - 1758 |g Никита Никитич |c дворянин |c тульский оружейник |c мануфактурист |2 stltpush |3 (RuTPU)RU\TPU\pers\4491 | |
| 600 | 1 | |a Демидов |b П. А. |f 1710-1786 |g Прокофий Акинфиевич |c российский промышленник |c дворянин |2 stltpush |3 (RuTPU)RU\TPU\pers\4494 | |
| 600 | 1 | |a Демидов |b П. Г. |f 1738-1821 |g Павел Григорьевич |c российский дворянин |c учёный-естествоиспытатель |c металлург |c основатель Демидовского лицея в Ярославле |2 stltpush |3 (RuTPU)RU\TPU\pers\4497 | |
| 600 | 1 | |a Демидов |b П. Н. |f 1798-1840 |g Павел Николаевич |c русский дворянин |c действительный статский советник |2 stltpush |3 (RuTPU)RU\TPU\pers\4498 | |
| 602 | |a Демидовы |f 17-20 вв. |c российская промышленная династия, дворянский и княжеский род, до 1703 Антуфьевы |9 644 | ||
| 606 | |a Социально-экономические отношения в России |x История |z кон. 17 в. - 1917 |9 89197 | ||
| 610 | 1 | |a Россия | |
| 610 | 1 | |a промышленность | |
| 610 | 1 | |a династии | |
| 610 | 1 | |a ученые | |
| 610 | 1 | |a инженеры | |
| 610 | 1 | |a науковедческая просопография | |
| 610 | 1 | |a персоналии | |
| 610 | 1 | |a наука | |
| 610 | 1 | |a образование | |
| 610 | 1 | |a горное дело | |
| 610 | 1 | |a металлургия | |
| 610 | 1 | |a биология | |
| 610 | 1 | |a ботанические сады | |
| 610 | 1 | |a научные премии | |
| 610 | 1 | |a путешественники | |
| 610 | 1 | |a техника | |
| 686 | |a Т3(2)5-2 |2 rubbk | ||
| 700 | 1 | |a Юркин |b И. Н. |g Игорь Николаевич | |
| 702 | 1 | |a Илизаров |b С. С. |4 340 | |
| 702 | 1 | |a Ламан |b Н. К. |4 340 | |
| 801 | 1 | |a RU |b 63413507 |c 20020517 |g PSBO | |
| 801 | 2 | |a RU |b 63413507 |c 20160622 |g PSBO | |
| 942 | |c BK | ||